Normal view MARC view
  • United Nations Special Initiative for Africa

Entry Nombre Corporativo

Number of records used in: 1

001 - NÚMERO DE CONTROL

  • campo de control: 59496

003 - IDENTIFICADOR DE NUMERO DE CONTROL

  • campo de control: DLC

005 - FECHA Y HORA DE LA ÜLTIMA TRANSACCIÓN

  • campo de control: 20260512154629.0

008 - DATOS DE LONGITUD FIJA

  • campo de control de longitud fija: 981005n| acannaabn |a ana

010 ## - NÚMERO DE CONTROL DE LA BIBLIOTECA DEL CONGRESO

  • LC control number: n 98901559

035 ## - NÚMERO DE CONTROL

  • Número de control: (OCoLC)oca04915070

040 ## - FUENTE DE CATALOGACIÓN

  • Agencia original de catalogación: DLC
  • Agencia transcribe: DLC
  • Agencia modificadora: DLC-OK
  • Agencia modificadora: MX-MxUPN

110 2# - ENCABEZAMIENTO - NOMBRE CORPORATIVO

  • Nombre corporativo o de jurisdicción como elemento de entrada : United Nations Special Initiative for Africa

410 2# - MENCIÓN DE REFERENCIA “VÉASE” – NOMBRE DE ENTIDAD CORPORATIVA

  • Corporate name or jurisdiction name as entry element: United Nations.
  • Subordinate unit: Special Initiative for Africa

410 2# - MENCIÓN DE REFERENCIA “VÉASE” – NOMBRE DE ENTIDAD CORPORATIVA

  • Corporate name or jurisdiction name as entry element: UN Special Initiative for Africa

410 2# - MENCIÓN DE REFERENCIA “VÉASE” – NOMBRE DE ENTIDAD CORPORATIVA

  • Corporate name or jurisdiction name as entry element: UNSIA

410 2# - MENCIÓN DE REFERENCIA “VÉASE” – NOMBRE DE ENTIDAD CORPORATIVA

  • Corporate name or jurisdiction name as entry element: United Nations System-wide Initiative on Africa

410 2# - MENCIÓN DE REFERENCIA “VÉASE” – NOMBRE DE ENTIDAD CORPORATIVA

  • Corporate name or jurisdiction name as entry element: United Nations System-wide Special Initiative on Africa

410 2# - MENCIÓN DE REFERENCIA “VÉASE” – NOMBRE DE ENTIDAD CORPORATIVA

  • Corporate name or jurisdiction name as entry element: United Nations.
  • Subordinate unit: System-wide Special Initiative on Africa

410 2# - MENCIÓN DE REFERENCIA “VÉASE” – NOMBRE DE ENTIDAD CORPORATIVA

  • Corporate name or jurisdiction name as entry element: UN System-wide Special Initiative on Afric

670 ## - FUENTE EN LA QUE SE LOCALIZARON DATOS

  • Cita de la fuente : International Round Table on the Presidential Commission on ... 1998:
  • Información localizada: portada (United Nations Special Initiative for Africa) página 1 (UN Special Initiative for Africa) p. 4 (UNSIA))

670 ## - FUENTE EN LA QUE SE LOCALIZARON DATOS

  • Cita de la fuente : UNSIA Water Cluster, 2000:
  • Información localizada: portada (United Nations System-wide Initiative on Africa)

670 ## - FUENTE EN LA QUE SE LOCALIZARON DATOS

  • Cita de la fuente : Assessment of actual and potential implementation ... 1997:
  • Información localizada: portada (United Nations System-wide Special Initiative on Africa)

670 ## - FUENTE EN LA QUE SE LOCALIZARON DATOS

  • Cita de la fuente : Communications for peace building, 1998 :
  • Información localizada: portada (UN System-wide Special Initiative on Africa)

902 ## - CATALOGADOR

  • Catalogador: VíctorGodínez/120526